| 000 | 00684nam a2200241 i 4500 | ||
|---|---|---|---|
| 001 | 11193 | ||
| 003 | ES-MaACL | ||
| 005 | 20240510063018.0 | ||
| 007 | t| | ||
| 008 | 960216s1995 sp ||||1| spa d | ||
| 020 | _a8486351707 | ||
| 080 | _a860-14"19" | ||
| 100 | 1 |
_aDuque Amusco, Antonio. _946153 |
|
| 245 | 1 | 3 |
_aLa Casa del sueño / _cAntonio Duque Amusco. |
| 250 | _a[1ª ed.]. | ||
| 260 |
_aHumanes, Madrid : _bJuan Pastor, _c1995. |
||
| 300 |
_a60 p. ; _c20 cm. |
||
| 490 | 1 |
_aDevenir. Serie Poesía ; _v90 |
|
| 830 | 0 | 0 |
_aDevenir. _pSerie Poesía ; _v90 _9236243 |
| 852 |
_aES-MaACL _jP-1931 N 90 _bR.124587 _911493 |
||
| 942 | _2udc | ||
| 999 |
_c11193 _d11193 |
||